000 00438nam a2200169 a 4500
001 0000-8879
003 ELIB.Books
008 110520 2001
035 _a(ELIB.Books)0000-9027
082 _a225.6
_bFe
100 _aFee, Gordon D.
245 _aTo What End Exegesis?
260 _bBritish Columbia: Regent Collage Publishing
_c2001
650 _aNew Testament
942 _2ddc
_cBK
998 _cbat
_e2011-05-20
999 _c8879
_d8879